| 000 | 00967cab a2200193 4500 | ||
|---|---|---|---|
| 001 | L129348 | ||
| 008 | 050413n2005 000 0 eng u | ||
| 035 | _a(Sirsi) u129348 | ||
| 041 | _aeng | ||
| 100 | _aGenton, Pierre M. | ||
| 245 | _aICC promotes dispute board rules worldwide | ||
| 260 | _c2005 | ||
| 490 |
_aConstruction Law Journal _v21(2) (2005) 102-109(8) |
||
| 520 | _aOutlines the new rules by the International Chamber of Commerce which were published in September 2004 and notes how the international business community is invited to make use of these rules. It is hoped that they will be adopted by many potential users, professional organisations and institutions. The rules will be tailored for any mid or long term contract and will be a performing working tool. | ||
| 590 | _aIKA150405 | ||
| 650 | _aICC DISPUTE BOARD RULES | ||
| 690 | _aMANAGEMENT-DISPUTE AVOIDANCE, MANAGEMENT AND RESOLUTION-DISPUTE MANAGEMENT AND RESOLUTION | ||
| 942 | _n0 | ||
| 999 |
_c75083 _d75083 |
||